Idiotismes en français - 2 - - Statistiques

Statistiques générales
  • Ce quiz a été pris 629 fois
  • Le résultat moyen est 13 sur 15
Statistiques - réponses
Hint Réponse % Correct
Pousser comme de la mauvaise ***** Herbe
98%
Avoir un coeur d'***** Artichaut
97%
Etre ***** de jalousie Vert
96%
Etre blanc comme ***** Neige
95%
Se faire de la ***** Bile
94%
C'est la fin des ***** Haricots
94%
Gober les ***** Mouches
94%
Avoir le ***** Cafard
93%
Avoir du sang ***** Bleu
92%
Sucrer les ***** Fraises
84%
En avoir ras la ***** Patate
83%
Avoir une face de ***** Rat
83%
Drôle de ***** Zèbre
72%
***** d'égout Bouche
70%
Ménager la chèvre et le ***** Chou
52%
Aucun quiz correspondant
Distribution des résultats
% des personnes avec chaque résultat
Percentile par nombre de réponses
Votre historique - résultats
Vous n’avez pas pris ce quiz